[Event "Tata Steel-A 78th"]
[Site "Wijk aan Zee"]
[Date "2016.01.18"]
[Round "3"]
[White "Wei, Yi"]
[Black "Carlsen, Magnus"]
[Result "1/2-1/2"]
[WhiteElo "2706"]
[BlackElo "2844"]
[Annotator "Marin,M"]
[PlyCount "119"]
[EventDate "2016.01.16"]
[EventType "tourn"]
[EventRounds "13"]
[EventCountry "NED"]
[EventCategory "20"]
[SourceTitle "CBM 171"]
[Source "ChessBase"]
[SourceDate "2016.03.14"]
[SourceVersion "2"]
[SourceVersionDate "2016.03.14"]
[SourceQuality "1"]

1. e4 e5 2. Nf3 Nc6 3. Bb5 a6 4. Ba4 Nf6 5. O-O Be7 6. Re1 b5 7. Bb3 O-O 8. c3
{I might be subjective, but my feeling is that Carlsen is allowed more
frequently to play the genuine Marshall than any other of his colleagues. If
this is true, the natural question is whether his opponents trust that despite
his phenomenal positional feeling Carlsen may be less strong in concrete
opening variations or on the contrary they want to play safe, keeping a draw
in their pocket. Be it as it may, the present game contradicts both points of
view as White got a slightly worse position out of the opening.} d5 9. exd5
Nxd5 10. Nxe5 Nxe5 11. Rxe5 c6 12. d3 Bd6 13. Re1 Bf5 (13... Qh4 {is slightly
more popular. Here is just a recent example:} 14. g3 Qh3 15. Re4 Nf6 16. Rh4
Qf5 17. Bc2 Re8 18. d4 Qe6 19. Nd2 Qe1+ 20. Qxe1 Rxe1+ 21. Kg2 Bb7 22. f3 Rae8
23. Bd3 c5 24. Kf2 c4 $6 (24... cxd4 25. Ne4 R1xe4 26. fxe4 dxc3 27. bxc3 Bxe4
$44) 25. Be4 Nxe4+ 26. Nxe4 Bxe4 27. Kxe1 Bd3+ 28. Re4 Bxe4 29. fxe4 Rxe4+ 30.
Kf2 $14 {1-0 (62) Ivanov,O (2513)-Balashov,Y (2418) Moscow 2015}) 14. Qf3 Qh4 (
{Deviating from a game of his own:} 14... Bg6 15. Bxd5 cxd5 16. Bf4 {Anand,V 
(2791)-Carlsen,M (2863) Shamkir 2015 CBM 166 [Pavlovic,M] (1/2-1/2, 53), in
which he had to struggle hard to reach a draw.}) 15. g3 Qh3 16. Be3 ({It is
the Chinese player's turn to deviate from an earlier game between the same
players as above, but with reversed colours:} 16. Bxd5 cxd5 17. Be3 Bxd3 18.
Qxd5 Rad8 19. Qf3 Rfe8 20. Nd2 Qf5 21. Qxf5 Bxf5 {Carlsen,M (2548)-Anand,V 
(2785) Leon 2005 (1/2-1/2, 30)}) 16... Bxd3 17. Nd2 {White has returned the
extra pawn for the sake of completing the development. Even though the
structure is more or less symmetrical, the position is not dull at all.
Black's minor pieces seem more active, but they can easily be exposed
depending how things turn out. The same applies to Black's queenside space
advantage: due to the permanent threats c3-c4 and a2-a4 Black's pawns may
become weak.} Qf5 {Since Black has no attacking chances anymore, the queen
returns to the centre.} 18. Bd4 {For the time being both players maintain the
tension.} (18. Qxf5 Bxf5 19. Bd4 Rfd8 20. a4 Bf8 {1/2-1/2 (27) Ivanchuk,V 
(2751)-Aronian,L (2739) Nice 2008}) (18. Rad1 Rfe8 19. Qxf5 Bxf5 20. Bxd5 cxd5
21. Nb3 {Polgar,J (2707)-Leko,P (2753) Wijk aan Zee 2008 (1/2-1/2, 35)}) 18...
Rae8 {In view of the next rook lift to e6, it looks logical to keep the other
rook on f8,} ({but} 18... Rfe8 {is also played as in Leko,P (2708)-Svidler,P 
(2745) Reykjavik 2015 (1/2-1/2, 41)}) 19. Kg2 Qxf3+ $146 {Preparing the rook
lift without losing more time.} (19... h6 20. a4 Qxf3+ 21. Kxf3 Re6 22. axb5
axb5 23. Kg2 {Vachier Lagrave,M (2731)-Adams,M (2740) Biel 2015 CBM 168 [Sagar
Shah] (1-0, 42)}) 20. Kxf3 Re6 21. Rac1 {With the obvious idea of finding a
good moment to play c3-c4.} ({One of the points behind Carlsen's novelty is
that} 21. a4 {can be answered with} bxa4 $5 {The e1-rook is hanging and the
intermediate exchange on e6 loses a piece after ...fxe6 check!} 22. Bxa4 c5 23.
Be3 Nxe3 24. Rxe3 c4 {[%csl Gd3,Gd6]}) (21. Rxe6 fxe6+ 22. Kg2 {can lead to
interesting play:} c5 23. Re1 Bf4 $3 (23... cxd4 24. Rxe6 $16) (23... Kf7 24.
Be5 {with a pleasant blockade.}) 24. Bxc5 (24. gxf4 cxd4 $13) (24. Rxe6 c4 $17)
24... Bxd2 25. Rxe6 Rd8 26. Rxa6 {[%cal Ga6a8]} Bc4 $8 {White's three pawns
compensate for the missing knight, but possibly not more.}) 21... h6 $5 {
This move and White's reply show that both sides have problems making progress.
The position is in some sort of dynamic balance, or, exaggerating a bit,
mutual zugzwang. Still, I am not sure about the merits of Black's last move.} (
{True,} 21... Rfe8 $2 22. Rxe6 Rxe6 23. c4 $16 {causes Black problems.}) ({
But I would consider} 21... a5 {Black's main candidate, aiming to put Black's
queenside space advantage to work.} 22. c4 ({White could renew the
pseudo-zugzwang with the neutral} 22. a3 $5 a4 23. Ba2) (22. a4 bxa4 23. Bxa4
c5 $132) 22... bxc4 23. Bxc4 (23. Nxc4 $4 a4 {wins a piece.}) 23... Bb4 24.
Red1 Bxd2 25. Rxd2 Be4+ 26. Ke2 Bg2+ 27. Kd1 a4 $5 {[%cal Gf8d8] Black's
superior activity and the slight exposure of the white king compensate for the
bishop pair.}) 22. Kg2 {White avoids the check in case of a later exchange on
e6, but taking the king away from the centre looks a bit like a
counter-developing move.} (22. c4 $5 c5 {White has to permanently count with
this counter-blow.} (22... Nb4 $6 23. Rxe6 fxe6+ 24. Ke3 $16) (22... Rxe1 23.
Rxe1 Nb4 24. c5 Bb8 25. Bc3 a5 26. Kg2 $1 $14 {[%csl Rc6,Rf7][%cal Gd2f3,Gf3e5]
Now is a good moment for this retreat!}) 23. cxd5 Rxe1 24. Rxe1 cxd4 25. Ne4
Bxe4+ 26. Rxe4 Bc5 27. Ke2 Rc8 28. Kd3 Kf8 29. Re2 {In principle the position
should be drawn, but while there are rooks on the board White can try exerting
some pressure.. His king is perfectly placed and the black queenside is
weakened.}) (22. a3 a5 ({What else? If} 22... g5 23. Kg2 $5 {Black does not
have the plan based on ...Rg6 followed by ...Nf4 anymore.}) 23. c4 {leads to a
similar ending as above:} c5 (23... Rxe1 24. Rxe1 Nf6 25. c5 Bb8 26. Re7 $14)
24. cxd5 Rxe1 25. Rxe1 cxd4 26. Ne4 Bxe4+ 27. Rxe4 Bc5 28. Ke2 a4 29. Ba2 Rc8
30. Kd3 {with the same evaluation.}) ({By the way, with his king on f3 White
cannot try playing against the Isolani with} 22. Bxd5 $6 cxd5 23. Nb3 $2 {
due to} Be4+ 24. Ke2 Bb1+ 25. Kd2 Bxa2) 22... Rg6 {Finally exiting the tension
along the e-file.} 23. Ne4 {This leads to lively play with entirely adequate
counterplay for Black.} ({Now was a good moment to settle for a slightly
better ending against the Isolani with} 23. Bxd5 $5 cxd5 24. Be5 Bc5 25. Nb3
Bb6 26. Bd4 $14) 23... Nf4+ 24. Kf3 {As we see the king didn't find peace on
g2. After returning to f3, it will soon allow Black to gain another tempo with
a knight move.} Bxe4+ 25. Rxe4 (25. Kxe4 c5 $1 26. Bxc5 (26. gxf4 cxd4 27. cxd4
Rg4 $15) 26... Bxc5 27. Kxf4 Rf6+ 28. Kg4 Rxf2 $11) 25... Nd3 (25... c5 26.
gxf4 cxd4 27. cxd4 $16 {[%csl Gf4]}) 26. Rd1 {The principled move, fighting
for the initiative at the cost of a temporary pawn sacrifice.} (26. Rb1 c5 27.
Be3 Rd8 {[%cal Gd6f8]} 28. Bc2 f5 $1 29. Rh4 Bf8 {with better coordination for
Black, compensating for White's bishop pair.}) 26... Nxb2 27. Rd2 Ba3 28. Bb6
Rd6 29. Rxd6 Bxd6 30. Re2 Nd3 $5 {The knight is heading for c4 to neutralise
the bishop's pressure against f7, but on the way it will drive the enemy king
away from the centre for the second time in this game.} (30... Nc4 $11) 31. Rd2
Ne5+ 32. Kg2 Be7 33. f4 Nc4 34. Bxc4 bxc4 35. Rd7 Bf6 36. Rc7 Bxc3 37. Rxc6 Rb8
{More or less forced play has resulted in an ending where White needs some
caution to make a draw. In principle, due to his activity many roads lead to
Rome, but the problem is finding just one of them (and not a false path) and
sticking to it.} 38. a4 ({There is no need to simplify to an ending with a
pawn down, even though it should be drawn.} 38. Rxc4 Rxb6 39. Rxc3 Rb2+ 40. Kf3
Rxa2 41. Rc8+ Kh7 42. Ra8 h5 {This type of ending is heavily analysed with the
standard pawn positioning on f2, g3, h4, but the present structure is less
usual. In principle it looks less favourable for White, as his king is exposed
and the pawns more vulnerable, but it should not suffice for a win. I have
found a game to which we will transpose after just a few (some of them dumb)
moves:} 43. Ke4 (43. h3 $6 Ra3+ 44. Kf2 {forces the king to stay passive.})
43... g6 44. Kf3 Kg7 45. Ra7 a5 ({This is necessary only for... transposing.
But Black does not get much if he keeps the sixth rank defended for a while:} 
45... Kf6 46. Ke4 Ke6 47. Kf3) 46. Ra6 a4 47. h3 $6 {This puts White on the
edge.} (47. Ke3) 47... a3 48. Ra5 Ra1 49. Kg2 Kf6 50. Ra6+ Ke7 51. g4 h4 52. g5
a2 53. Kh2 {In order to win, Black needs to create a passed pawn on the f-file,
but this is not achievable. A g-pawn or a h-pawn would not suffice.} Kd7 54.
Kg2 Kc7 55. Ra8 Kb7 56. Ra3 Kc6 57. Ra6+ Kd5 58. Ra7 Ke6 59. Ra6+ Ke7 60. Ra7+
Ke6 61. Ra6+ Kd5 62. Ra7 Ke4 63. Re7+ ({Actually even} 63. Kh2 Kf3 64. Ra3+
Kxf4 65. Ra5 {is drawn.} Ke4 66. Kg2 Ke3 {[%cal Ga1d1,Gd1d2]} 67. Ra3+ $1)
63... Kxf4 64. Rxf7+ Kxg5 65. Ra7 Kh6 66. Ra4 g5 67. Ra6+ Kg7 68. Ra7+ Kg6 {
1/2-1/2 Fominyh,A (2518)-Deepan Chakkravarthy,J (2428) Hyderabad 2006}) 38...
Bb2 ({During the game I thought} 38... a5 {was more consistent, but it is just
an illusion.} 39. Kf3 ({I had in view} 39. Rxc4 $6 Rxb6 40. Rxc3 Rb4 41. Ra3 {
when Black has more space than in the game, with increased chances to outplay
his opponent.}) 39... Bb4 40. Bd4 c3 41. Ke4) 39. Ba5 c3 40. Bxc3 Bxc3 41. Rxc3
Rb4 42. a5 Rb5 43. Ra3 {The white rook is passive, but White does not have
weaknesses on the kingside, making the draw quite obvious. In the worst case
he can transpose to the previous ending, of course, but he can choose the
circumstances under which to do it.} Rb2+ 44. Kh3 f5 45. Rc3 Rb5 46. Ra3 g5 (
46... Kf7 47. Kh4 $11) 47. fxg5 hxg5 48. Kg2 Kg7 49. h4 g4 50. Rc3 $1 Rxa5 51.
Rc6 Ra2+ 52. Kg1 a5 53. Ra6 a4 54. Kh1 Kf7 55. Kg1 Ra1+ 56. Kg2 Ra3 57. Kh2
Ra2+ 58. Kg1 Ke7 59. Kh1 a3 60. Kg1 (60. Kg1 Kd7 61. Kh1 (61. Rf6 $4 Rb2 $19)
61... Kc7 62. Kg1 Kb7 63. Ra4 Kb6 64. h5 $11) 1/2-1/2

[Event "Tata Steel-A 78th"]
[Site "Wijk aan Zee"]
[Date "2016.01.22"]
[Round "6"]
[White "Carlsen, Magnus"]
[Black "Tomashevsky, Evgeny"]
[Result "1-0"]
[WhiteElo "2844"]
[BlackElo "2728"]
[Annotator "Nielsen,Peter Heine"]
[PlyCount "59"]
[EventDate "2016.01.16"]
[EventType "tourn"]
[EventRounds "13"]
[EventCountry "NED"]
[EventCategory "20"]
[SourceTitle "CBM 171"]
[Source "ChessBase"]
[SourceDate "2016.03.14"]
[SourceVersion "2"]
[SourceVersionDate "2016.03.14"]
[SourceQuality "1"]

{Like in 2015, Magnus had a rather slow start in Wijk, and again had to wander
along some dangerous paths to beat Loek van Wely. But like last year, that
triggered an excellent streak, both in the number of points, as well as in
quality of play.} 1. d4 Nf6 2. Nf3 e6 3. Bf4 $5 {The London System. A few
years back almost looked at with disgust, and in no way treated as a serious
opening, but with Grischuk's and Kramnik's efforts recently the verdict has
changed. Even so not to the extent that every professional has a ready-made
solution planned against it, and Tomashevsky did spend quite some time on the
upcoming moves.} b6 ({Maybe inspired by Magnus' success in this game, both
Karjakin and Giri decided also to give the London a try, but now Black seemed
tipped off, and we actually saw a theoretical debate in the London System(!).
After} 3... d5 4. e3 c5 5. c3 Nc6 6. Nbd2 Bd6 $5 {Against Karjakin, but
eventually lost.} 7. Bg3 O-O 8. Bb5 $5 {Against Karjakin, but eventually lost.}
) 4. e3 Bb7 5. h3 {For those caring about the finer points of the move orders,
its worth mentioning that Kramnik here seems to have preferred to play 5.Nbd2
first on a couple of outings. It's hard coming up with a strong reason for
either move, but maybe Kramnik wanted to avoid Alekhine's idea against
Rubinstein? With the knight on d2, instead of the pawn on e3, Alekhine played
5...Bd6!? and went on to win an instructive game, covered in his game
collection. So maybe only playing h3, when Black has committed ...Be7 is the
point.} Be7 6. Bd3 O-O 7. O-O c5 8. c3 Nc6 9. Nbd2 d5 {Both players have
developed sensibly, and one could argue that the fact that neither side has
obvious plans, but just have to make small common-sense additions to their
positions, should be a small success for Black.} 10. Qe2 $5 Bd6 {Tomashevsky
blinks first, and tries to force concrete action. Waiting with e.g. ...Rac8
would make sense, but White could still improve his position by bringing the
rooks to d1 and e1, making it hard for Black to come up with similar useful
moves which makes Black's decision easily understandable.} 11. Rfe1 $5 {
Even so, Magnus do not take the bait, but puts the ball back in Tomashevsky's
court. White has many plans, but it is much harder to see positive options for
Black, so instead Black tries forcing White to take on d6.} Ne7 ({Taking on f4
looks strategically risky, as after} 11... Bxf4 12. exf4 cxd4 13. Nxd4 $1 Nxd4
14. cxd4 {White by swapping knights, removed the option of ...Nb4 based
counterplay, and despite having doubled pawns, gets a lot in return. f5 might
be an option, transferring the knight to e5 too, or maybe Qe3-g3-h4 followed
by Re3 and Rae1.}) 12. Rad1 Ng6 13. Bxg6 $1 hxg6 14. Bxd6 Qxd6 15. Ne5 $1 {
Yes, White has given a bishop for a knight, and even allowed Black to capture
towards the centre. But the black pawn-structure, while looking healthy,
actually is a major drawback. Due to the weakness of g6, Black can never
realistically push the knight away from e5, meaning White will have a powerful
knight, and Black a rather limited bishop. Tomashevsky keeps playing logical
and sensible moves, heading for ...Nd7 exchanging the powerful knight, but not
wanting 15...Nd7 16 f4! and instead tries to stop White from advancing the
f-pawn.} g5 16. f4 $5 {Played quickly, almost like saying: did you miss this?
But while of course White could still probably be slightly better with like e.
g. 16.Qf3, sending an invitation to the following fascinating complications is
not only tempting, but also objectively good.} gxf4 {.} 17. Rf1 $1 {This is
the point. White wants the f-line open, to sacrifice the rook on f6, and
deliver mate.} Nd7 (17... fxe3 $5 {would be the logical way of trying to prove
White's concept flawed. After} 18. Rxf6 exd2 $1 (18... gxf6 $2 {loses
immediately as} 19. Qg4+ Kh7 20. Rf1 $3 {just mates. The threat is to bring
the rook into the attack on f4, as a response to 20...exd2 and if 20...fxe5
then the simple 21.Qh5+ Kg7 22.Qg5+ Kh7 23.Rf6 mates.}) {Does all this mean
that Black's position is actually objectively fine? Not really, as the less
imaginative, but simply strong} 19. Rf4 $1 {does keep an edge. The threat is
Qh5 and Rh4 with a mating attack, and Black's only chance is to fight with} (
19. Qh5 {An obvious try, forcing Black to take on f6, but after} gxf6 20. Qg4+
Kh8 21. Qh4+ Kg7 $1 {however there is no good follow-up as} 22. Ng4 ({and after
} 22. Qg3+ {Black just goes to h7 with the king, not falling for 22...Kh8?? 23.
Ng6+ winning the queen.}) 22... Qf4 $1 {protects both f6 and h6,}) (19. Rdf1 $5
{comes much closer to breaking Black's defences. f7 cannot be defended, and
taking on f6 allows a decessive attack along usual patterns. But Black has the
fantastic} Ba6 $3 {which exploits the fact that the white queen needs to be on
the kingside for the attack to succeed, meaning that 20.Qxa6 gxf6 works, or
even better, first 20...d1Q! as pointed out by the computers. After:} 20. Qh5 {
or the more sophisticated} d1=Q $5 ({The obvious} 20... gxf6 $6 21. Qg4+ Kh8
22. Rf4 Bd3 23. Nxd3 d1=Q+ 24. Qxd1 Rg8 25. Ne5 $1 Kg7 26. Rxf6 $1 {is still
very promising for White}) ({but either the simple} 20... Bxf1 21. Nxf7 Rxf7
22. Qxf7+ Kh8 $1 (22... Kh7 $2 23. Qg6+ {followed by Rf7})) 21. Rxd1 gxf6 22.
Qg4+ Kh7 23. Qh4+ Kg7 {just leads to a draw.}) 19... f6 20. Ng6 {but it
obviously does not look very appealing.}) 18. Qh5 $1 {Not a neccessity, as also
} (18. Nxd7 Qxd7 19. Rxf4 {gives White a promising attack, but somehow keeps
the spirit of the 2 previous moves, and continues the direct attack.}) 18...
Nf6 19. Qh4 Qd8 $6 {Again quite logical, trying to swap off queens, in order
to stop the white attack.} (19... Nh7 $5 {probably was a better chance, even
if White has a promising position after} 20. Rxf4 ({or even just} 20. exf4))
20. Rxf4 Ne4 $2 {A blunder, and a decisive one.} ({The same idea would be much
better, but with} 20... cxd4 21. exd4 {interpolated. Then after} Ne4 {White
can not play like in the game, as there is now no dxc5! but instead has} 22.
Qg4 $5 {when Black has no choice but to play the weakening} f5 {, where after}
23. Qg6 Rf6 24. Qh5 Qe8 {does avoid immediate disaster, but after} 25. Qxe8+
Rxe8 26. Nxe4 {it makes a huge difference having forced ...f5, as the white
knight now dominates on e5, leaving him excellent winning chances in the
ensuing ending.}) 21. Nxe4 Qxh4 22. Rxh4 dxe4 23. dxc5 $1 bxc5 24. Rd7 Rab8 25.
b3 $1 {Black is basically in a zugzwang. playing...f6 allows Ng6 and mate on
h8. The f-rook defends f7, the other, the bishop on b7, which can't move, as
then a7 would fall. So what is left, is to move the a-pawn.} a5 26. Rc7 a4 27.
bxa4 Ba8 28. a5 Rb7 29. Rxc5 Ra7 30. Nc4 {Here Tomashevsky resigned. Maybe a
bit premature, but there is no doubt that White's position is clearly winning
with the 2 extra pawns, and while Black certainly could prolong the game for a
while, the result is not really in doubt.} 1-0